Real WW2 Quiz - Statistics

General Stats
  • This quiz has been taken 30 times
    5 since last reset
  • The average score is 26 of 30
Answer Stats
Question Answer % Correct
What was the largest tank battle of WW2? Battle of Kursk
100%
What was the name of the first Nazi concentration camp? Dachau
100%
What city produced more tanks then any other city, and more tanks then most nations during WW2? Detroit
100%
Which WW2 US Military Commander was put in charge of the US forces in the Philippines and was also made the Supreme Allied Commander in the Pacific? Douglas MacArthur
100%
Which German city did the US and UK conduct large scale fire bombing raids against destroying huge portions of the city and killing up to 25,000 people? Dresden
100%
Which WW2 US Military Commander was made Supreme Allied Commander in Europe and commanded the US Forces during the Invasion of Normandy and beyond? Dwight D. Eisenhower
100%
Who was the General nicknamed "The Desert Fox"? Erwin Rommel
100%
Who were the two Presidents of the United States of America during WW2? Franklin D. Roosevelt, Harry S. Truman
100%
Who was the emperor of Japan during WW2? Hirohito
100%
What event is considered the beginning of WW2? Invasion of Poland
100%
Who was the Chief Propaganda Officer and Reich Minister of Propaganda for the Nazi Party during WW2? Joseph Goebbels
100%
Who was the leader of the Soviet Union during WW2? Joseph Stalin
100%
What was the name of the first atomic bomb ever dropped? Little Boy
100%
What was the name of the massive French line of fortifications along the German border that were believed to be near impenetrable? Maginot Line
100%
Which battle is known as the turning point of the war in the Pacific? Midway
100%
What was the name of the secret German plan to naval invade the United Kingdom that never ended up happening? Operation Sealion
100%
When did WW2 start? September 1, 1939
100%
What nation had the highest number of military casualties during WW2? Soviet Union
100%
Which of the following nations was never invaded during WW2? Turkey
100%
What nation manufactured the most aircraft during WW2 making more then double the next closest nation? United States of America
100%
What was the name of the French State that formed a collaborative government with the German Reich after the capitulation of France in 1940? Vichy
100%
How many beaches in Normandy did the combined Allied Forces land on during D-day? 5
67%
What days did the Japanese announce their surrender, and then sign their surrender? August 15, 1945, September 2, 1945
67%
What was the Army bomber that the US launched from carriers to bomb mainland Japan during the Doolittle Raid? B-25 Mitchell
67%
What Soviet city was surrounded by German forces on September 8, 1941, but was never captured? Leningrad
67%
When did Germany officially surrender? May 7, 1945
67%
What is the name of the non-aggression pact made between Germany and the Soviet Union on August 23, 1939, which secretly split up Poland and defined the spheres of influence of Europe between those two major powers? Molotov–Ribbentrop Pact
67%
Who was the British leader that gave the famous "We Shall Fight on the Beaches" speech? Winston Churchill
67%
What was the codename for the first atomic bomb's test site? Trinity
33%
Which US carrier did the Japanese believe they had sunk at the Battle of the Coral Sea and again at the Battle of Midway, but stayed afloat both times? USS Yorktown
0%
No matching quizzes found
Score Distribution
Percent of People with Each Score
Percentile by Number Answered
Your Score History
You have not taken this quiz since the last reset